[Event "TOP16-LaBourdannais"]
[Site "TOP16-LaBourdannais"]
[Date "2021.01.09"]
[Round "6"]
[White "Risso"]
[Black "Yvesandre2"]
[Result "1-0"]
[WhiteElo "1900"]
[BlackElo "2343"]
[Annotator "TA"]
[PlyCount "95"]
[EventDate "2021.01.09"]
[EventType "blitz"]

{[%evp 11,95,16,24,0,114,113,146,53,142,139,148,145,139,134,181,178,177,150,200,185,189,180,222,146,264,255,245,134,145,155,149,126,137,33,53,-156,262,269,343,343,614,603,635,641,622,508,510,515,515,508,715,703,711,717,786,626,786,674,732,668,1162,0,745,746,775,712,768,767,825,819,815,804,1064,963,1909,1954,1552,1621,2954,2590,29984,29985,29985,29979,29974,29968]} 1. e4 c5 2. Nf3 d6 3. d4 cxd4 4. Nxd4 Nf6 5. Nc3 a6 6. f4 e5 7. Nf5 {B93: Sicilian Najdorf: 6 f4.} g6 (7... Nc6 $11) 8. fxe5 $16 {[#]} dxe5 $146 ({Predecessor:} 8... gxf5 9. exf6 Nd7 10. exf5 Nxf6 11. Bg5 Be7 12. Bd3 Rg8 13. Qd2 Ng4 14. Bf4 Qa5 {1-0 (85) Broekmeulen,J (2371)-Verlinde,T (2237) Belgium 2011}) 9. Qxd8+ {White is clearly better.} Kxd8 {[#]} 10. Bg5 $1 Nbd7 {[#]} 11. O-O-O $1 {Strongly threatening Bxf6+.} Kc7 12. Ne3 $36 {[%mdl 2048] White is really pushing.} Bc5 13. Ned5+ Nxd5 14. Nxd5+ Kc6 15. Bc4 h6 16. Bh4 b5 17. Bb3 Bb7 (17... Nb6 $16 18. Nxb6 Kxb6) 18. Rhf1 $18 Rhf8 19. Nf6 ({Better is} 19. Rf3 $18) 19... Nxf6 $16 20. Bxf6 Kb6 21. Bxe5 f5 {[#]} 22. exf5 (22. Bd6 $1 $16) 22... Bxg2 $14 23. Rg1 Bxg1 $2 (23... Be3+ $17 {keeps the pressure on.} 24. Rd2 Bxd2+ 25. Kxd2 Rad8+ 26. Ke3 {[#]} Rfe8 $1) 24. Rxg1 $18 {White now steadily converts the win.} Bc6 25. fxg6 Rae8 $2 (25... Rf5 26. Bd4+ Kc7) 26. Bd4+ Kc7 27. g7 Rg8 28. Bxg8 Rxg8 {[%mdl 4096] Endgame KRB-KRB} 29. Rg6 h5 30. Rh6 Bf3 31. Rh8 Bd5 32. Rxh5 Be6 33. Rh6 Kd7 34. a3 Re8 35. Rf6 Ke7 36. Rh6 $2 (36. Rf8 $18) 36... Bg8 $2 {[%mdl 8192]} (36... Kd7 $11 37. h4 Ke7) 37. Rxa6 Kd7 38. Ra7+ Kc6 39. Kd2 Kd5 40. c3 Kc4 41. Rc7+ Kb3 42. Rc5 Kxb2 43. Rxb5+ Kxa3 44. Re5 Rc8 45. Rf5 {Rf8 would kill now.} Rb8 46. Rf8 {White mates.} Rb2+ 47. Ke3 Bc4 48. g8=Q {Weighted Error Value: White=0.49/Black=0.77} 1-0

[Event "TOP16-LaBourdannais"]
[Site "TOP16-LaBourdannais"]
[Date "2021.01.09"]
[Round "6"]
[White "SFeller"]
[Black "amiralfio"]
[Result "1-0"]
[WhiteElo "1885"]
[BlackElo "1811"]
[Annotator "NA RC"]
[PlyCount "97"]
[EventDate "2021.01.09"]
[EventType "blitz"]

1. e4 {[%emt 0:00:04]} e5 {[%emt 0:00:07]} 2. Nf3 {[%emt 0:00:04]} Nc6 {[%emt 0:00:01]} 3. Bc4 {[%emt 0:00:02]} Nf6 {[%emt 0:00:01]} 4. d3 {[%emt 0:00:10]} Be7 {[%emt 0:00:01]} 5. O-O {[%emt 0:00:04]} O-O {[%emt 0:00:01]} 6. a4 {[%emt 0:00:01]} d5 {[%emt 0:00:03]} 7. exd5 {[%emt 0:00:02]} Nxd5 {[%emt 0:00:00]} 8. Re1 {[%emt 0:00:02]} Bg4 {[%emt 0:00:01]} 9. h3 {[%emt 0:00:01]} Bh5 {[%emt 0:00:01]} 10. Nbd2 {[%emt 0:00:01]} Nb6 {[%emt 0:00:02]} 11. Ba2 {[%emt 0:00:05]} a5 {[%emt 0:00:16]} 12. Nf1 {[%emt 0:00:48]} Bc5 {[%emt 0:01:12]} 13. Ng3 {[%emt 0:00:11]} Bg6 {[%emt 0:00:20]} 14. Be3 {[%emt 0:00:03]} Bb4 {[%emt 0:00:34]} 15. c3 {[%emt 0:00:41]} Be7 {[%emt 0:00:23]} 16. Bxb6 {[%emt 0:00:01]} cxb6 {[%emt 0:00:01]} 17. Nxe5 {[%emt 0:00:01]} Nxe5 {[%emt 0:00:00]} 18. Rxe5 {[%emt 0:00:00]} Bd6 {[%emt 0:00:50]} 19. Rd5 {[%emt 0:00:05]} Qc7 {[%emt 0:00:29]} 20. Nf5 {[%emt 0:00:02]} Bf4 {[%emt 0:00:12]} 21. Nh4 {[%emt 0:00:03]} Rae8 {[%emt 0:00:17]} 22. Qf3 {[%emt 0:00:04]} Re7 {[%emt 0:00:21]} 23. g3 {[%emt 0:00:04]} Bd6 {[%emt 0:00:05]} 24. Nxg6 {[%emt 0:00:22]} hxg6 {[%emt 0:00:01]} 25. h4 {[%emt 0:00:06]} Re5 {[%emt 0:00:13]} 26. Rxe5 {[%emt 0:00:06]} Bxe5 {[%emt 0:00:00]} 27. Bd5 {[%emt 0:00:01]} Bf6 {[%emt 0:00:19]} 28. Bxb7 {[%emt 0:00:05]} Re8 {[%emt 0:00:02]} 29. Be4 {[%emt 0:00:04]} Qe5 {[%emt 0:00:07]} 30. Kg2 {[%emt 0:00:02]} g5 {[%emt 0:00:02]} 31. hxg5 {[%emt 0:00:03]} Qxg5 {[%emt 0:00:00]} 32. Rh1 {[%emt 0:00:01]} g6 {[%emt 0:00:01]} 33. Rh4 {[%emt 0:00:07]} Kg7 {[%emt 0:00:03]} 34. Rg4 {[%emt 0:00:02]} Qh5 {[%emt 0:00:04]} 35. Rf4 {[%emt 0:00:11]} Qg5 {[%emt 0:00:26]} 36. Bd5 {[%emt 0:00:29]} Rh8 {[%emt 0:00:05]} 37. Bc4 {[%emt 0:00:12]} Rh7 {[%emt 0:00:04]} 38. Qd5 {[%emt 0:00:09]} Qxd5+ {[%emt 0:00:08]} 39. Bxd5 {[%emt 0:00:00]} g5 {[%emt 0:00:02]} 40. Rc4 {[%emt 0:00:02]} Be5 {[%emt 0:00:03]} 41. Rc6 {[%emt 0:00:01]} Rh6 {[%emt 0:00:02]} 42. Rxh6 {[%emt 0:00:01]} Kxh6 {[%emt 0:00:00]} 43. Bxf7 {[%emt 0:00:01]} Kg7 {[%emt 0:00:01]} 44. Bd5 {[%emt 0:00:01]} Kf6 {[%emt 0:00:01]} 45. Kf3 {[%emt 0:00:01]} Kf5 {[%emt 0:00:02]} 46. Bc6 {[%emt 0:00:01]} Bd6 {[%emt 0:00:03]} 47. Bd7+ {[%emt 0:00:03]} Kf6 {[%emt 0:00:01]} 48. Ke4 {[%emt 0:00:02]} Ke7 {[%emt 0:00:15]} 49. Bh3 {[%emt 0:00:07] amiralfio resigns} 1-0

[Event "TOP16-LaBourdannais"]
[Site "TOP16-LaBourdannais"]
[Date "2021.01.09"]
[Round "6"]
[White "Brunico2016"]
[Black "Lasker69"]
[Result "0-1"]
[WhiteElo "1788"]
[BlackElo "2485"]
[Annotator "NA RC"]
[PlyCount "70"]
[EventDate "2021.01.09"]
[EventType "blitz"]

1. d4 {[%emt 0:00:01]} d5 {[%emt 0:00:05]} 2. c4 {[%emt 0:00:01]} c6 {[%emt 0:00:02]} 3. Nf3 {[%emt 0:00:01]} Nf6 {[%emt 0:00:02]} 4. Nc3 {[%emt 0:00:00]} dxc4 {[%emt 0:00:05]} 5. a4 {[%emt 0:00:01]} Bf5 {[%emt 0:00:02]} 6. Ne5 {[%emt 0:00:01]} Na6 {[%emt 0:00:02]} 7. e3 {[%emt 0:00:03]} Nb4 {[%emt 0:00:02]} 8. Bxc4 {[%emt 0:00:01]} e6 {[%emt 0:00:01]} 9. O-O {[%emt 0:00:02]} Bd6 {[%emt 0:00:01]} 10. Qe2 {[%emt 0:00:57]} h6 {[%emt 0:01:16]} 11. e4 {[%emt 0:00:04]} Bh7 {[%emt 0:00:01]} 12. Bf4 {[%emt 0:00:14]} O-O {[%emt 0:00:26]} 13. Rad1 {[%emt 0:00:37]} Qc7 {[%emt 0:00:15]} 14. Bg3 {[%emt 0:00:16]} Rae8 {[%emt 0:00:17]} 15. Kh1 {[%emt 0:00:15]} a6 {[%emt 0:00:03]} 16. f4 {[%emt 0:00:18]} c5 {[%emt 0:00:20]} 17. dxc5 {[%emt 0:00:18]} Qxc5 {[%emt 0:00:10]} 18. Nxf7 {[%emt 0:00:25]} Rxf7 {[%emt 0:00:17]} 19. e5 {[%emt 0:00:01]} Bxe5 {[%emt 0:00:15]} 20. fxe5 {[%emt 0:00:08]} Nfd5 {[%emt 0:00:21]} 21. Rxf7 {[%emt 0:00:01]} Kxf7 {[%emt 0:00:01]} 22. Ne4 {[%emt 0:00:05]} Bxe4 {[%emt 0:00:06]} 23. Qxe4 {[%emt 0:00:02]} Kg8 {[%emt 0:00:22]} 24. Bb3 {[%emt 0:00:19]} Rf8 {[%emt 0:00:07]} 25. h3 {[%emt 0:00:09]} Rf5 {[%emt 0:00:06]} 26. Qh4 {[%emt 0:00:25]} Rf8 {[%emt 0:00:16]} 27. Qg4 {[%emt 0:00:05]} Rf5 {[%emt 0:00:06]} 28. Qg6 {[%emt 0:00:03]} Qc6 {[%emt 0:00:08]} 29. Bh4 {[%emt 0:00:27]} Rf7 {[%emt 0:00:20]} 30. Kh2 {[%emt 0:00:50]} Rf5 {[%emt 0:00:20]} 31. Bf6 {[%emt 0:00:05]} Qd7 {[%emt 0:00:06]} 32. Bxd5 {[%emt 0:00:04]} Nxd5 {[%emt 0:00:03]} 33. Rxd5 {[%emt 0:00:03]} exd5 {[%emt 0:00:01]} 34. e6 {[%emt 0:00:01]} Qd6+ {[%emt 0:00:07]} 35. Kh1 {[%emt 0:00:12]} Rxf6 {[%emt 0:00:02] Brunico2016 abandonne (Lag: Av=0.24s, max=0.6s)} 0-1

[Event "TOP16-LaBourdannais"]
[Site "TOP16-LaBourdannais"]
[Date "2021.01.09"]
[Round "6"]
[White "maten3coups"]
[Black "PositionalChess"]
[Result "1-0"]
[WhiteElo "1678"]
[BlackElo "2172"]
[Annotator "TA"]
[PlyCount "83"]
[EventDate "2021.01.09"]
[EventType "blitz"]

{[%evp 14,83,-6,0,25,23,33,19,33,2,39,41,48,-12,19,-9,0,-12,0,0,29,19,14,15,58,29,65,57,128,129,136,147,198,190,203,198,187,173,360,348,322,133,254,235,276,265,302,285,395,366,374,339,400,380,562,557,647,610,1243,638,614,611,1354,1352,29978,29979,29979,29979,29983,29984,29984,29985]} 1. e4 e6 2. d3 d5 3. Qe2 Ne7 4. Nf3 c5 5. g3 Nbc6 6. Bg2 g6 7. O-O Bg7 8. c3 Qc7 {A08: King's Indian Attack.} 9. Re1 O-O 10. e5 b5 {The position is equal.} 11. Bf4 {[#]} Bb7 $146 ({Predecessor:} 11... Rb8 12. Nbd2 Ba6 13. a3 Rfd8 14. d4 cxd4 15. Nxd4 Qb6 16. Qe3 Nxd4 17. Qxd4 Qc7 {1-0 (61) Sanduleac,V (2429)-Nedostup,D (2025) Rodatychi 2011}) 12. Nbd2 b4 13. c4 (13. Nb3 $14) 13... Rfd8 14. h4 Nf5 15. Nb3 dxc4 16. dxc4 Ncd4 (16... a5 {is interesting.} 17. Rad1 Bf8 18. Be3 Rxd1 19. Rxd1 Na7) 17. Nfxd4 Nxd4 18. Nxd4 cxd4 19. b3 Bxg2 20. Kxg2 d3 {White leaves nothing to chance now.} (20... Bf8 $14) 21. Qf3 $16 Rac8 22. Rad1 {[%cal Ba1d1,Bd1d3,Bd3e3][%mdl 32]} Qc6 (22... d2 $16 {might work better.} 23. Re2 (23. Rxd2 Rxd2 24. Bxd2 a5 $16) (23. Bxd2 Bxe5 24. Bxb4 f6 $16) 23... a5) 23. Re3 $18 Qc5 24. Rexd3 Rxd3 25. Rxd3 ({Don't take} 25. Qxd3 $6 Bxe5 26. Bg5 Qc6+ 27. Kg1 a5 $16) 25... Qa5 $2 {[#]} (25... Qc7 {was worth a try.} 26. Rd6 Bf8) 26. Qb7 Rf8 27. Qb5 (27. Rd7 $18 {has better winning chances.}) 27... Qxa2 (27... Qxb5 $16 {was necessary.} 28. cxb5 Rb8) 28. Qxb4 Qe2 29. Re3 Qd1 30. Qd6 Qa1 31. c5 Qa5 32. c6 Rc8 33. b4 Qb6 (33... Qb5 {is a better defense.} 34. Rc3 h5) 34. Rc3 Bf8 35. Qd7 Rd8 36. Qb7 Bxb4 37. Rb3 Rb8 38. Qxb6 Rxb6 39. c7 {White mates.} Rc6 40. Rxb4 Rxc7 41. Rb8+ Kg7 42. Bg5 {Weighted Error Value: White=0.33/Black=0.58} 1-0

[Event "TOP16-LaBourdannais"]
[Site "TOP16-LaBourdannais"]
[Date "2021.01.09"]
[Round "7"]
[White "Lasker69"]
[Black "maten3coups"]
[Result "1/2-1/2"]
[WhiteElo "2486"]
[BlackElo "1807"]
[Annotator "NA RC"]
[PlyCount "53"]
[EventDate "2021.01.09"]
[EventType "blitz"]

1. d4 {[%emt 0:00:09]} Nf6 {[%emt 0:00:07]} 2. c4 {[%emt 0:00:01]} c5 {[%emt 0:00:03]} 3. d5 {[%emt 0:00:01]} b5 {[%emt 0:00:06]} 4. cxb5 {[%emt 0:00:01]} a6 {[%emt 0:00:01]} 5. b6 {[%emt 0:00:01]} e6 {[%emt 0:00:02]} 6. Nc3 {[%emt 0:00:01]} Nxd5 {[%emt 0:00:02]} 7. Nxd5 {[%emt 0:00:01]} exd5 {[%emt 0:00:00]} 8. Qxd5 {[%emt 0:00:02]} Nc6 {[%emt 0:00:01]} 9. Nf3 {[%emt 0:00:01]} Rb8 {[%emt 0:00:04]} 10. e4 {[%emt 0:00:02]} Be7 {[%emt 0:00:01]} 11. Bc4 {[%emt 0:00:02]} O-O {[%emt 0:00:01]} 12. O-O {[%emt 0:00:02]} Rxb6 {[%emt 0:00:02]} 13. Ng5 {[%emt 0:00:24]} Nb4 {[%emt 0:00:53]} 14. Nxf7 {[%emt 0:01:03]} Qe8 {[%emt 0:01:12]} 15. Nd6+ {[%emt 0:00:19]} Nxd5 {[%emt 0:00:06]} 16. Nxe8 {[%emt 0:00:01]} Rxe8 {[%emt 0:00:03]} 17. Bxd5+ {[%emt 0:00:03]} Kh8 {[%emt 0:00:05]} 18. b3 {[%emt 0:00:01]} Bf6 {[%emt 0:00:04]} 19. Rb1 {[%emt 0:00:02]} Bb7 {[%emt 0:00:10]} 20. Bxb7 {[%emt 0:00:44]} Rxb7 {[%emt 0:00:00]} 21. Be3 {[%emt 0:00:43]} Rc7 {[%emt 0:00:07]} 22. Rfd1 {[%emt 0:00:08]} Rxe4 {[%emt 0:00:17]} 23. Rbc1 {[%emt 0:00:03]} c4 {[%emt 0:00:48]} 24. bxc4 {[%emt 0:00:18]} Rexc4 {[%emt 0:00:05]} 25. Rxc4 {[%emt 0:00:09]} Rxc4 {[%emt 0:00:00]} 26. g3 {[%emt 0:00:13]} Ra4 {[%emt 0:00:12]} 27. Rd2 {[%emt 0:00:07] Lasker69 offers a draw} 1/2-1/2

[Event "TOP16-LaBourdannais"]
[Site "TOP16-LaBourdannais"]
[Date "2021.01.09"]
[Round "7"]
[White "jncool68"]
[Black "ProfTerrieux"]
[Result "0-1"]
[WhiteElo "2401"]
[BlackElo "2453"]
[Annotator "NA RC"]
[PlyCount "100"]
[EventDate "2021.01.09"]
[EventType "blitz"]

1. e4 {[%emt 0:00:01]} c5 {[%emt 0:00:01]} 2. Nf3 {[%emt 0:00:01]} e6 {[%emt 0:00:01]} 3. Nc3 {[%emt 0:00:01]} Nc6 {[%emt 0:00:02]} 4. d4 {[%emt 0:00:01]} cxd4 {[%emt 0:00:01]} 5. Nxd4 {[%emt 0:00:00]} Nf6 {[%emt 0:00:01]} 6. Ndb5 {[%emt 0:00:01]} Bc5 {[%emt 0:00:02]} 7. Bf4 {[%emt 0:00:03]} O-O {[%emt 0:00:04]} 8. Bc7 {[%emt 0:00:01]} Qe7 {[%emt 0:00:01]} 9. Bd6 {[%emt 0:00:00]} Bxd6 {[%emt 0:00:01]} 10. Qxd6 {[%emt 0:00:01]} Qd8 {[%emt 0:00:01]} 11. Nc7 {[%emt 0:00:05]} Rb8 {[%emt 0:00:01]} 12. Be2 {[%emt 0:00:01]} b5 {[%emt 0:00:10]} 13. e5 {[%emt 0:00:06]} b4 {[%emt 0:00:01]} 14. exf6 {[%emt 0:00:01]} bxc3 {[%emt 0:00:01]} 15. fxg7 {[%emt 0:00:01]} Kxg7 {[%emt 0:00:01]} 16. Qg3+ {[%emt 0:00:01]} Kh8 {[%emt 0:00:04]} 17. Qxc3+ {[%emt 0:00:02]} e5 {[%emt 0:00:07]} 18. Nb5 {[%emt 0:00:01]} Ba6 {[%emt 0:00:18]} 19. a4 {[%emt 0:00:15]} Bxb5 {[%emt 0:00:05]} 20. axb5 {[%emt 0:00:13]} Nd4 {[%emt 0:00:01]} 21. Bd3 {[%emt 0:00:02]} Rg8 {[%emt 0:01:00]} 22. Rxa7 {[%emt 0:00:16]} Qg5 {[%emt 0:00:13]} 23. Kd1 {[%emt 0:00:33]} Qxg2 {[%emt 0:00:22]} 24. Re1 {[%emt 0:00:02]} Qxf2 {[%emt 0:00:44]} 25. Rf1 {[%emt 0:00:19]} Qxh2 {[%emt 0:01:14]} 26. Qd2 {[%emt 0:00:13]} Rg2 {[%emt 0:00:18]} 27. Qe3 {[%emt 0:00:18]} Rxc2 {[%emt 0:00:12]} 28. Qg5 {[%emt 0:01:29]} Rg2 {[%emt 0:00:29]} 29. Qf6+ {[%emt 0:00:01]} Rg7 {[%emt 0:00:02]} 30. Qf2 {[%emt 0:00:00]} Qh3 {[%emt 0:00:14]} 31. Ra3 {[%emt 0:00:07]} Qe6 {[%emt 0:00:07]} 32. Kc1 {[%emt 0:00:08]} f5 {[%emt 0:00:06]} 33. Kb1 {[%emt 0:00:03]} f4 {[%emt 0:00:04]} 34. Re1 {[%emt 0:00:11]} Qd5 {[%emt 0:00:03]} 35. Qh4 {[%emt 0:00:09]} Nxb5 {[%emt 0:00:05]} 36. Bxb5 {[%emt 0:00:05]} Qxb5 {[%emt 0:00:01]} 37. Ra2 {[%emt 0:00:10]} Qd3+ {[%emt 0:00:04]} 38. Ka1 {[%emt 0:00:01]} d6 {[%emt 0:00:04]} 39. Qf6 {[%emt 0:00:02]} Qg6 {[%emt 0:00:01]} 40. Qh4 {[%emt 0:00:02]} Rbg8 {[%emt 0:00:03]} 41. Ra6 {[%emt 0:00:05]} Qe6 {[%emt 0:00:02]} 42. Qxf4 {[%emt 0:00:06]} exf4 {[%emt 0:00:03]} 43. Rxe6 {[%emt 0:00:00]} Rf8 {[%emt 0:00:03]} 44. Raxd6 {[%emt 0:00:08]} f3 {[%emt 0:00:01]} 45. Rf6 {[%emt 0:00:02]} Rgf7 {[%emt 0:00:01]} 46. Rxf7 {[%emt 0:00:01]} Rxf7 {[%emt 0:00:00]} 47. Rd1 {[%emt 0:00:01]} Kg7 {[%emt 0:00:01]} 48. Kb1 {[%emt 0:00:01]} Kg6 {[%emt 0:00:01]} 49. Kc2 {[%emt 0:00:00]} f2 {[%emt 0:00:01]} 50. Kd2 {[%emt 0:00:01]} f1=Q {[%emt 0:00:01] jncool68 abandonne (Lag: Av=0.64s, max=1.4s)} 0-1

[Event "TOP16-LaBourdannais"]
[Site "TOP16-LaBourdannais"]
[Date "2021.01.09"]
[Round "7"]
[White "Yvesandre2"]
[Black "SFeller"]
[Result "1/2-1/2"]
[WhiteElo "2312"]
[BlackElo "1939"]
[Annotator "TA"]
[PlyCount "52"]
[EventDate "2021.01.09"]
[EventType "blitz"]

{[%evp 12,52,14,18,31,21,27,31,36,33,41,38,33,32,34,31,38,18,16,16,31,-62,-61,-112,-118,-109,-114,-127,-130,-163,-150,-143,-143,-139,-136,-125,-126,-129,0,-120,0,-117,0]} 1. e4 e5 2. Nf3 Nc6 3. Bb5 Nf6 4. O-O Nxe4 5. Re1 Nd6 6. Nxe5 Be7 7. Bf1 Nf5 {C67: Ruy Lopez: Berlin Defence: 4 0-0 Nxe4.} 8. Nf3 O-O 9. d4 d5 {White is slightly better.} 10. Nc3 Bf6 {[%cal Rf5d4]} 11. Ne2 {[#]} Nce7 $146 ({Predecessor:} 11... Re8 12. c3 g6 13. Nf4 Rxe1 14. Qxe1 Ng7 15. Ne5 Bf5 16. Nxc6 bxc6 17. Nd3 Bxd3 18. Bxd3 {½-½ (72) Nepomniachtchi,I (2784)-Le,Q (2709) chess24.com INT 2020}) 12. c3 Ng6 13. Nf4 c6 14. Nh5 Be7 15. Bd3 Nd6 16. Qc2 (16. Ng3 $14) 16... Bg4 $15 17. Ng3 ({Better is} 17. Nf4 $15) 17... Bxf3 $17 18. gxf3 Bg5 19. Bxg6 fxg6 20. Kg2 Qf6 21. Qd3 Rae8 22. Bxg5 Qxg5 23. Kh1 Qf6 24. Kg2 Qg5 25. Kh1 Qf6 26. Kg2 $1 Qg5 {Weighted Error Value: White=0.12/Black=0.16} ({Black should try} 26... Qh4 $17 27. Re3 Nf7) 1/2-1/2

[Event "TOP16-LaBourdannais"]
[Site "TOP16-LaBourdannais"]
[Date "2021.01.09"]
[Round "7"]
[White "PositionalChess"]
[Black "Brunico2016"]
[Result "0-1"]
[WhiteElo "2140"]
[BlackElo "1785"]
[Annotator "NA RC"]
[PlyCount "108"]
[EventDate "2021.01.09"]
[EventType "blitz"]

1. e4 {[%emt 0:00:02]} c5 {[%emt 0:00:05]} 2. Nf3 {[%emt 0:00:02]} d6 {[%emt 0:00:01]} 3. Bb5+ {[%emt 0:00:02]} Nd7 {[%emt 0:00:01]} 4. c3 {[%emt 0:00:03]} a6 {[%emt 0:00:02]} 5. Ba4 {[%emt 0:00:02]} b5 {[%emt 0:00:01]} 6. Bc2 {[%emt 0:00:02]} Bb7 {[%emt 0:00:01]} 7. O-O {[%emt 0:00:10]} Ngf6 {[%emt 0:00:02]} 8. Qe2 {[%emt 0:00:04]} e5 {[%emt 0:00:10]} 9. d4 {[%emt 0:00:03]} Be7 {[%emt 0:00:02]} 10. Rd1 {[%emt 0:00:04]} Qc7 {[%emt 0:00:06]} 11. d5 {[%emt 0:00:06]} O-O {[%emt 0:00:22]} 12. Nbd2 {[%emt 0:01:01]} c4 {[%emt 0:00:05]} 13. Nf1 {[%emt 0:00:02]} Nc5 {[%emt 0:00:03]} 14. Ng3 {[%emt 0:00:02]} g6 {[%emt 0:00:02]} 15. b4 {[%emt 0:00:06]} cxb3 {[%emt 0:00:03]} 16. axb3 {[%emt 0:00:01]} Rfb8 {[%emt 0:00:48]} 17. Bd2 {[%emt 0:00:13]} Bc8 {[%emt 0:00:04]} 18. h3 {[%emt 0:00:10]} a5 {[%emt 0:00:06]} 19. Rdc1 {[%emt 0:00:12]} a4 {[%emt 0:00:18]} 20. b4 {[%emt 0:00:13]} Ncd7 {[%emt 0:00:03]} 21. Bd3 {[%emt 0:00:04]} Ba6 {[%emt 0:00:08]} 22. c4 {[%emt 0:00:10]} bxc4 {[%emt 0:00:01]} 23. Bxc4 {[%emt 0:00:01]} Bxc4 {[%emt 0:00:07]} 24. Rxc4 {[%emt 0:00:08]} Qb7 {[%emt 0:00:12]} 25. Qd3 {[%emt 0:00:26]} Qb5 {[%emt 0:00:40]} 26. Qc2 {[%emt 0:00:08]} Nb6 {[%emt 0:00:10]} 27. Rc6 {[%emt 0:00:08]} Rc8 {[%emt 0:00:11]} 28. Be3 {[%emt 0:00:24]} Nfd7 {[%emt 0:00:08]} 29. Nd2 {[%emt 0:00:35]} Rcb8 {[%emt 0:01:02]} 30. Rb1 {[%emt 0:00:38]} a3 {[%emt 0:00:03]} 31. Qb3 {[%emt 0:00:09]} Ra4 {[%emt 0:00:09]} 32. Nc4 {[%emt 0:00:16]} Nxc4 {[%emt 0:00:03]} 33. Qxc4 {[%emt 0:00:03]} Qxc4 {[%emt 0:00:17]} 34. Rxc4 {[%emt 0:00:02]} Bd8 {[%emt 0:00:44]} 35. Ne2 {[%emt 0:00:05]} Ba5 {[%emt 0:00:10]} 36. Bc1 {[%emt 0:00:23]} Raxb4 {[%emt 0:00:11]} 37. Rcxb4 {[%emt 0:00:06]} Bxb4 {[%emt 0:00:01]} 38. Ra1 {[%emt 0:00:08]} Ra8 {[%emt 0:00:02]} 39. Ra2 {[%emt 0:00:07]} Nc5 {[%emt 0:00:02]} 40. f3 {[%emt 0:00:07]} Nb3 {[%emt 0:00:06]} 41. Be3 {[%emt 0:00:01]} Rc8 {[%emt 0:00:08]} 42. Kf1 {[%emt 0:00:03]} Kg7 {[%emt 0:00:03]} 43. f4 {[%emt 0:00:04]} exf4 {[%emt 0:00:03]} 44. Nxf4 {[%emt 0:00:03]} Nc5 {[%emt 0:00:03]} 45. Bxc5 {[%emt 0:00:05]} Bxc5 {[%emt 0:00:05]} 46. Nd3 {[%emt 0:00:02]} Ra8 {[%emt 0:00:01]} 47. Nxc5 {[%emt 0:00:05]} dxc5 {[%emt 0:00:01]} 48. Ke2 {[%emt 0:00:03]} Kf6 {[%emt 0:00:01]} 49. Kd3 {[%emt 0:00:01]} Ke5 {[%emt 0:00:01]} 50. g3 {[%emt 0:00:04]} Ra4 {[%emt 0:00:01]} 51. h4 {[%emt 0:00:09]} Rd4+ {[%emt 0:00:01]} 52. Kc3 {[%emt 0:00:02]} Rxe4 {[%emt 0:00:01]} 53. Rxa3 {[%emt 0:00:01]} Re3+ {[%emt 0:00:01]} 54. Kb2 {[%emt 0:00:01]} Rxa3 {[%emt 0:00:00] PositionalChess resigns} 0-1

[Event "TOP16-LaBourdannais"]
[Site "TOP16-LaBourdannais"]
[Date "2021.01.09"]
[Round "7"]
[White "Burrito2001"]
[Black "Pierre35"]
[Result "1-0"]
[WhiteElo "1975"]
[BlackElo "2010"]
[Annotator "NA RC"]
[PlyCount "58"]
[EventDate "2021.01.09"]
[EventType "blitz"]

1. d4 {[%emt 0:00:02]} d5 {[%emt 0:00:10]} 2. c4 {[%emt 0:00:01]} e6 {[%emt 0:00:01]} 3. Nc3 {[%emt 0:00:01]} Be7 {[%emt 0:00:01]} 4. Nf3 {[%emt 0:00:07]} Nf6 {[%emt 0:00:02]} 5. cxd5 {[%emt 0:00:01]} exd5 {[%emt 0:00:02]} 6. Bg5 {[%emt 0:00:01]} c6 {[%emt 0:00:02]} 7. e3 {[%emt 0:00:01]} O-O {[%emt 0:00:01]} 8. Bd3 {[%emt 0:00:01]} Nbd7 {[%emt 0:00:02]} 9. O-O {[%emt 0:00:01]} Re8 {[%emt 0:00:01]} 10. Qc2 {[%emt 0:00:01]} Nf8 {[%emt 0:00:03]} 11. h3 {[%emt 0:00:04]} Ne4 {[%emt 0:00:08]} 12. Bxe7 {[%emt 0:00:08]} Qxe7 {[%emt 0:00:02]} 13. Rab1 {[%emt 0:00:06]} a5 {[%emt 0:00:12]} 14. Bxe4 {[%emt 0:00:52]} dxe4 {[%emt 0:00:03]} 15. Nd2 {[%emt 0:00:00]} Bf5 {[%emt 0:00:22]} 16. a4 {[%emt 0:00:05]} Rad8 {[%emt 0:00:15]} 17. Nc4 {[%emt 0:00:02]} Ng6 {[%emt 0:00:24]} 18. f4 {[%emt 0:00:20]} Qe6 {[%emt 0:02:01]} 19. b3 {[%emt 0:00:33]} Nh4 {[%emt 0:00:22]} 20. Kh2 {[%emt 0:00:31]} Nf3+ {[%emt 0:00:47]} 21. gxf3 {[%emt 0:00:20]} exf3 {[%emt 0:00:00]} 22. e4 {[%emt 0:00:56]} Bxh3 {[%emt 0:00:02]} 23. Rxf3 {[%emt 0:00:01]} Bg4 {[%emt 0:00:01]} 24. Rg3 {[%emt 0:00:04]} Qh6+ {[%emt 0:00:03]} 25. Kg2 {[%emt 0:00:11]} Qxf4 {[%emt 0:00:20]} 26. Rf1 {[%emt 0:00:15]} Qg5 {[%emt 0:00:25]} 27. Qf2 {[%emt 0:00:03]} Qh5 {[%emt 0:00:10]} 28. Ne5 {[%emt 0:00:16]} f5 {[%emt 0:00:21]} 29. exf5 {[%emt 0:00:09]} Rxd4 {[%emt 0:00:02] Pierre35 resigns (Lag: Av=0.65s, max=1.2s)} 1-0

[Event "TOP16-LaBourdannais"]
[Site "TOP16-LaBourdannais"]
[Date "2021.01.09"]
[Round "7"]
[White "amiralfio"]
[Black "Risso"]
[Result "1-0"]
[WhiteElo "1795"]
[BlackElo "1964"]
[Annotator "TA"]
[PlyCount "83"]
[EventDate "2021.01.09"]
[EventType "blitz"]

{[%evp 9,83,0,0,0,0,0,6,-1,-2,-9,-25,-33,-29,-2,121,105,100,89,116,89,87,83,117,115,115,108,121,55,136,136,135,135,142,140,142,135,146,143,179,158,181,158,193,147,163,151,195,174,247,246,216,205,273,205,254,202,302,253,228,214,444,439,446,432,485,490,580,577,758,704,649,674,781,649,1791,1665]} 1. d4 Nf6 2. Bf4 g6 3. Nc3 d5 4. e3 Bg7 5. h4 h5 6. Nf3 {A45: Trompowsky Attack.} O-O 7. Ne5 c5 8. Be2 {The position is equal.} Nc6 9. Qd2 Qa5 {[#]} 10. O-O-O $146 ({Predecessor:} 10. a3 Rd8 11. Rd1 cxd4 12. exd4 Bf5 13. O-O Rac8 14. Nxc6 Rxc6 15. Be5 Rdc8 16. Bd3 Bxd3 17. cxd3 {0-1 (35) Grachev,B (2612)-Garcia Blanco,O (2359) chess.com INT 2020}) 10... Nxe5 11. Bxe5 Ng4 (11... c4 $11 {keeps the balance.}) 12. Bxg7 ({Don't go for} 12. Nxd5 $2 Qxa2 13. Nxe7+ Kh7 $19) 12... Kxg7 13. Bxg4 Bxg4 14. f3 Be6 15. dxc5 Qxc5 {[#]} 16. Qd4+ $1 ({Reject} 16. Nxd5 $6 Bxd5 17. Qxd5 Qxe3+ 18. Kb1 Rfd8 $11) 16... Qxd4 17. Rxd4 Rac8 18. Rhd1 (18. Nxd5 $16 Bxd5 19. Rxd5) 18... Kf6 (18... Rc4 $14) 19. Nxd5+ $16 Bxd5 20. Rxd5 {[%mdl 4096] Endgame KRR-KRR} Rc7 21. c3 Rfc8 22. Kc2 Rc4 23. R1d4 a6 24. Rd7 R4c7 25. Kd3 Ke6 26. R7d5 Rc5 27. e4 R8c7 28. a4 f6 (28... b6 $142 29. Rxc5 bxc5) 29. g4 $18 hxg4 30. fxg4 Rc8 31. h5 gxh5 32. gxh5 R5c7 (32... R5c6 {keeps fighting.} 33. Ke3 Rg8) 33. Rd8 {[#] Strongly threatening h6.} Rxd8 34. Rxd8 {Threatens to win with h6. KR-KR} Rc5 $2 (34... Kf7 {was necessary.} 35. Ke3 Kg7) 35. Rd5 {White is clearly winning.} Rc8 36. b4 Rh8 37. Kd4 Rc8 38. c4 b6 39. a5 bxa5 40. Rxa5 Ra8 41. Kc3 Kf7 42. b5 {Weighted Error Value: White=0.13/Black=0.39} 1-0